000 00166nam a22000857a 4500
082 _a823
100 _aE A KARUNAKARAN NAIR
245 _aARUN AND THE ROBBERS
942 _cBK
999 _c8515
_d8515